| 000 | 00633nam a2200217Ia 4500 | ||
|---|---|---|---|
| 003 | LK-CoDNM | ||
| 005 | 20240227150851.0 | ||
| 008 | 010623t1924 xxu||||| |||| 00| 1 sin d | ||
| 040 |
_aLK-CoDNM _dLK-CoDNM _eLK-CoDNM |
||
| 041 | _asin | ||
| 080 | _a104 V11 | ||
| 245 | _aශක වර්ෂ 1846 පඤ්චාංග ශිරෝමණී ලිත | ||
| 246 | _aPanchaanga shiroomani litha | ||
| 260 |
_bJ.D.Dharmasena _aColombo _c1924 _c25 |
||
| 300 |
_bDamaged _a61p.,25 cm |
||
| 650 | _aAlmanac | ||
| 650 | _aAstrology | ||
| 700 |
_aA,Don arnorlis periyapperuma _eed. |
||
| 700 |
_aA,Don paulis walpola _eed. |
||
| 942 | _cBK | ||
| 999 |
_c92614 _d92614 |
||